000 00283nam a22001217a 4500
082 _a821
_bSRE/A
100 _aSREENIVASAN,V. K
245 _aIN THE AFTERMATH OF FREEDOM
260 _aKOZHIKODE
_bVARTHA SPANDANAM PUBLICATIONS
300 _a35
650 _aPOETRY
_zKERALA
942 _cBK
999 _c4029
_d4029